El olvido, creador de capacidades / selec. Juan Berlín (Record no. 73670)

MARC details
000 -CABECERA
campo de control de longitud fija 00528nam a2200205 a 4500
005 - FECHA Y HORA DE LA ÚLTIMA TRANSACCIÓN
campo de control 20210219153315.0
008 - ELEMENTOS DE LONGITUD FIJA--INFORMACIÓN GENERAL
campo de control de longitud fija 991125n 000 0 spa u
035 ## - NÚMERO DE CONTROL DEL SISTEMA
Número de control de sistema UPN01000090653
100 ## - ASIENTO PRINCIPAL--NOMBRE PERSONAL
Nombre de persona RUDOLPH, Wolfgang
222 ## - TÍTULO CLAVE
Título clave EDUCACION ESPECIAL
245 ## - MENCIÓN DE TÍTULO
Título El olvido, creador de capacidades / selec. Juan Berlín
300 ## - DESCRIPCIÓN FÍSICA
Extensión 11-14
362 ## - FECHAS DE PUBLICACIÓN Y/O DESIGNACIÓN SECUENCIAL
Fecha de publicación y/o designación secuencial 1973 No. 6, feb.
653 0# - TERMINO DE INDIZACION - NO CONTROLADO
Término no controlado CONOCIMIENTO
653 0# - TERMINO DE INDIZACION - NO CONTROLADO
Término no controlado MEMORIA
653 0# - TERMINO DE INDIZACION - NO CONTROLADO
Término no controlado OLVIDO
700 ## - ASIENTO SECUNDARIO--NOMBRE DE PERSONAL
Nombre de persona BERLIN, Juan, comp.
904 ## - ELEMENTOS DE DATOS D LOCAL, LDD (RLIN)
a AC
b 028464
905 ## - TIPO DE MATERIAL
Tipo de material Articulo

No items available.